Score 0/37 Timer 20:00
0 Plays Today
Hint Answer % Correct
Halifax (2013)-(COL)Nathan MacKinnon
95.7%
Rimouski (2005)-(PIT)Sidney Crosby
91.3%
Rouyn-Noranda (2019)-(NYI)Noah Dobson
87%
Acadie-Bathurst (2018)-(NYI)Noah Dobson
87%
Halifax (2013)-(MTL)Jonathan Drouin
87%
Moncton (2006)-(BOS)Brad Marchand
87%
Saint John (11&12)-(FLA)Jonathan Huberdeau
82.6%
Saint John (2017)-(OTT)Thomas Chabot
69.6%
Drummondville (2009)-(PHI)Sean Couturier
60.9%
Rouyn-Norranda (2016)-(SJS)Timo Meier
56.5%
Gatineau (2008)-(PHI)Claude Giroux
56.5%
Lewiston (2007)-(STL)David Perron
52.2%
Saint John (2017)-(NYR)Julien Gauthier
47.8%
Rimouski (2015)-(TOR)Frederik Gauthier
47.8%
Val-d'Or (2014)-(NYR)Julien Gauthier
47.8%
Moncton (2006)-(FLA)Keith Yandle
47.8%
Saint John (11&12)-(WPG)Nathan Beaulieu
43.5%
Rimouski (2015)-(PHI)Samuel Morin
39.1%
Val-d'Or (2014)-(DET)Anthony Mantha
39.1%
Hint Answer % Correct
Halifax (2013)-(LAK)Martin Frk
39.1%
Drummondville (2009)-(FLA)Mike Hoffman
39.1%
Gatineau (2008)-(FLA)Mike Hoffman
39.1%
Rouyn-Noranda (2016)-(PHI)Philippe Myers
34.8%
Drummondville (2009)-(WPG)Dmitry Kulikov
34.8%
Rouyn-Noranda (2016)-(BOS)Jeremy Lauzon
30.4%
Moncton (2010)-(CBJ)David Savard
30.4%
Saint John (2017)-(TBL)Mathieu Joseph
26.1%
Val-d'Or (2014)-(PHI)Nicolas Aube-Kubel
26.1%
Halifax (2013)-(FLA)Mackenzie Weegar
26.1%
Saint John (2012)-(BOS)Charlie Coyle
21.7%
Lewiston (2007)-(DET)Jonathan Bernier
21.7%
Moncton (2006)-(ARZ)Jason Demers
21.7%
Val-d'Or (2014)-(COL)Ryan Graves
13%
Moncton (2010)-(COL)Mark Barberio
13%
Saint John (2017)-(CHI)Matthew Highmore
4.3%
Moncton (2010)-(VAN)Louis Domingue
0%
Moncton (2010)-(WPG)Gabriel Bourque
0%
Remove Ads.
Support Sporcle.
Get the best of Sporcle when you Go Orange. This ad-free experience offers more features, more stats, and more fun while also helping to support Sporcle. Thank you for becoming a member.

You're not logged in!

Compare scores with friends on all Sporcle quizzes.
OR
Log In

Sporcle TV

Today on Sporcle TV


Watch our educational content, quiz creation guides, and fun videos on Sporcle TV.

Show Comments

Extras

Top Quizzes Today


Score Distribution

Paid Content

Your Account Isn't Verified!

In order to create a playlist on Sporcle, you need to verify the email address you used during registration. Go to your Sporcle Settings to finish the process.

Report this User

Report this user for behavior that violates our Community Guidelines.

Details: